Statistics for WWE Raw Roster 2018

Click here to take the quiz!

General Stats

  • This quiz has been taken 263 times
    (189 since last reset)
  • The average score is 29 of 64

Answer Stats

Wrestler% Correct
Roman Reigns
88%
Seth Rollins
87%
Dean Ambrose
84%
Braun Strowman
71%
Dolph Ziggler
67%
Sasha Banks
67%
Brock Lesnar
65%
Drew McIntyre
65%
Finn Bálor
65%
Kevin Owens
64%
Bray Wyatt
61%
Nia Jax
61%
Bayley
59%
Alexa Bliss
58%
Baron Corbin
57%
Sami Zayn
57%
(Antonio) Cesaro
55%
The Miz
55%
Bobby Lashley
54%
(WOKEN) Matt Hardy
54%
John Cena
52%
Ronda Rousey
52%
Sheamus
52%
Bo Dallas
51%
Bobby Roode
50%
Curtis Axel
49%
Natalya
48%
Jinder Mahal
46%
Apollo (Crews)
45%
Zack Ryder
45%
Kane
42%
Curt Hawkins
41%
Dash Wilder
41%
Jeff Hardy
40%
Elias (Samson)
39%
Liv Morgan
39%
Scott Dawson
39%
Alicia Fox
38%
Ruby Riott
38%
Titus O'Neil
38%
Dana Brooke
37%
Akam
36%
Heath Slater
36%
Jason Jordan
36%
Mickie James
36%
Ember Moon
35%
Sarah Logan
35%
Fandango
33%
Samoa Joe
33%
Rezar
32%
Rhyno
32%
Asuka
31%
Karl Anderson
30%
Luke Gallows
30%
Tyler Breeze
30%
Mojo Rawley
28%
Goldust
27%
Mandy Rose
24%
No Way Jose
24%
R-Truth
23%
Paige
21%
Sonya Deville
20%
Sunil Singh
8%
Mike Kanellis
5%

Score Distribution

Percentile by Number Answered

Percent of People with Each Score

Your Score History

You have not taken this quiz since the last reset